The HUMANITIES and societal change occasional publication of the Nigerian Academy of Letters (NAL)
Saved in:
| Main Author: | |
|---|---|
| Format: | Book |
| Language: | English |
| Published: |
The Nigerian Academy of Letters, University of Ibadan
2016
|
| Tags: |
Add Tag
No Tags, Be the first to tag this record!
|
MARC
| LEADER | 00000nam a22000007a 4500 | ||
|---|---|---|---|
| 008 | 210409b ||||| |||| 00| 0 eng d | ||
| 020 | |a 978-2459-75-5 | ||
| 100 | |a edited by MAKINDE, Akinola Moses | ||
| 245 | |a The HUMANITIES and societal change |b occasional publication of the Nigerian Academy of Letters (NAL) |c edited by Moses Akinola Makinde |e Occasional publication |f no 14 |g xxii, 184p. | ||
| 250 | |c edited by MAKINDE, Akinola Moses | ||
| 260 | |b The Nigerian Academy of Letters, University of Ibadan |c 2016 |h Ibadan |i 689283 |i 689284 |i 689285 |i 689286 |i 689287 |i 689288 |i 689289 |l HN831 .N6H88 |m Nigeria – Social conditions. |m Nigeria – Social life and customs. | ||
| 942 | |a lcc |c BK |e YUNUSA, A.A. |f 9/4/21 | ||
| 952 | |0 0 |1 0 |2 lcc |4 0 |6 HN0831 N6 H88 |7 0 |9 2090 |a HOL |b HOL |c GJ |d 2021-04-09 |l 0 |o HN831 .N6H88 |p 2021-5947 |r 2021-04-09 00:00:00 |w 2021-04-09 |y BK | ||
| 952 | |0 0 |1 0 |2 lcc |4 0 |6 HN0831 N6 H88 |7 0 |9 2091 |a HOL |b HOL |c GJ |d 2021-04-09 |l 0 |o HN831 .N6H88 |p 2021-5948 |r 2021-04-09 00:00:00 |w 2021-04-09 |y BK | ||
| 952 | |0 0 |1 0 |2 lcc |4 0 |6 HN0831 N6 H88 |7 0 |9 2092 |a HOL |b HOL |c GJ |d 2021-04-09 |l 0 |o HN831 .N6H88 |p 2021-5949 |r 2021-04-09 00:00:00 |w 2021-04-09 |y BK | ||
| 952 | |0 0 |1 0 |2 lcc |4 0 |6 HN0831 N6 H88 |7 0 |9 2093 |a HOL |b HOL |c GJ |d 2021-04-09 |l 0 |o HN831 .N6H88 |p 2021-5950 |r 2021-04-09 00:00:00 |w 2021-04-09 |y BK | ||
| 952 | |0 0 |1 0 |2 lcc |4 0 |6 HN0831 N6 H88 |7 0 |9 2094 |a HOL |b HOL |c GJ |d 2021-04-09 |l 0 |o HN831 .N6H88 |p 2021-5951 |r 2021-04-09 00:00:00 |w 2021-04-09 |y BK | ||
| 952 | |0 0 |1 0 |2 lcc |4 0 |6 HN0831 N6 H88 |7 0 |9 2095 |a HOL |b HOL |c GJ |d 2021-04-09 |l 0 |o HN831 .N6H88 |p 2021-5952 |r 2021-04-09 00:00:00 |w 2021-04-09 |y BK | ||
| 952 | |0 0 |1 0 |2 lcc |4 0 |6 HN0831 N6 H88 |7 0 |9 2096 |a HOL |b HOL |c GJ |d 2021-04-09 |l 0 |o HN831 .N6H88 |p 2021-5953 |r 2021-04-09 00:00:00 |w 2021-04-09 |y BK | ||
| 952 | |0 0 |1 0 |2 ddc |4 0 |7 0 |9 2097 |a HOL |b HOL |d 2021-04-09 |l 0 |r 2021-04-09 00:00:00 |w 2021-04-09 |y BK | ||
| 999 | |c 1088 |d 1088 | ||